El misterio de la Atlántida /
León de la Barra hace una recopilación de las principales teorías acerca de la existencia de la Atlántida.
Αποθηκεύτηκε σε:
| Κύριος συγγραφέας: | |
|---|---|
| Μορφή: | Βιβλίο |
| Γλώσσα: | Ισπανικά |
| Έκδοση: |
México :
Secretaría de Educación Pública,
1946
|
| Σειρά: | (Biblioteca Enciclopédica Popular ;
114) |
| Θέματα: | |
| Ετικέτες: |
Δεν υπάρχουν, Καταχωρήστε ετικέτα πρώτοι!
|
MARC
| LEADER | 00000nam^a2200000^a^4500 | ||
|---|---|---|---|
| 001 | 000137854 | ||
| 005 | 20250521000000.0 | ||
| 009 | 20260310095408.164 | ||
| 037 | |a Acervo ITESO - Biblioteca | ||
| 041 | |a ESP | ||
| 082 | |a 001. 94 |b BAR | ||
| 100 | |a León de la Barra, Luis |e (autor) | ||
| 245 | 1 | 3 | |a El misterio de la Atlántida / |c L.L. de la Barra. |
| 264 | 1 | |a México : |b Secretaría de Educación Pública, |c 1946 | |
| 300 | |a 94 p. | ||
| 336 | |a texto |b txt |2 rdacontenido | ||
| 337 | |a sin mediación |b n |2 rdamedio | ||
| 338 | |a volumen |b nc |2 rdasoporte | ||
| 440 | 1 | |a (Biblioteca Enciclopédica Popular ; |v 114) | |
| 520 | |a León de la Barra hace una recopilación de las principales teorías acerca de la existencia de la Atlántida. | ||
| 649 | |a XX | ||
| 650 | |a Atlántida | ||
| 650 | |a Leyendas | ||
| 910 | |a Fondo Salvador Reynoso Reynoso | ||
| 920 | |a Impresos - Libros | ||
| 930 | |a Fondos Especiales | ||
| 905 | |a 112 | ||
| 901 | |a 0800014403 |b IT2 |c ESP |u 20250521 | ||
| 901 | |a 0800014406 |b IT2 |c ESP |u 20250521 | ||
| 902 | |a https://opac.biblio.iteso.mx/vufind/Record/000137854 | ||